000 00477nam a2200205Ia 4500
003 0100
008 130307s9999 xx 000 0 und d
040 _cARRUPELIB
050 _aB3305.M74M55 1984
100 _aMiller, Richard W
245 _aAnalyzing Marx
245 _bmorality, power and history
260 _aNew Jersey
260 _bPrinceton University Press
260 _c1984
300 _axi
300 _b319p. 22cm.
650 _bBuddhism
942 0 0 _02
999 _c94242
_d94242